COMPUTER BASICS AND C PROGRAMMING (Record no. 8227)

MARC details
000 -LEADER
fixed length control field 00393nam a22001577a 4500
003 - CONTROL NUMBER IDENTIFIER
control field SGT
020 ## - INTERNATIONAL STANDARD BOOK NUMBER
International Standard Book Number 9788120333437
082 ## - DEWEY DECIMAL CLASSIFICATION NUMBER
Classification number 005.133
Item number RAJ
100 ## - MAIN ENTRY--PERSONAL NAME
Personal name RAJARAMAN,V
245 ## - TITLE STATEMENT
Title COMPUTER BASICS AND C PROGRAMMING
260 ## - PUBLICATION, DISTRIBUTION, ETC. (IMPRINT)
Place of publication, distribution, etc NEW DELHI
Name of publisher, distributor, etc PHI
Year of Publication 2015
300 ## - PAGE DESCRIPTION
No. of Pages 431
650 ## - SUBJECT ADDED ENTRY--TOPICAL TERM
Topical term or geographic name as entry element COMPUTER SCIENCE ENGINEERING
653 ## - KEYWORDS--INDEX TERM
Keyword term COMPUTER SOFTWARE, WWW, PROGRAMMING USING C,
942 ## - ADDED ENTRY ELEMENTS (KOHA)
Source of classification or shelving scheme Dewey Decimal Classification
Koha item type Books
Holdings
Withdrawn status Lost status Source of classification or shelving scheme Damaged status Not for loan Home library Current library Shelving location Date acquired Vendor Name Cost, normal purchase price SGTU Total Checkouts Full call number Accession No. (Barcode) Date last seen Bill Date Koha item type
    Dewey Decimal Classification     SGT Engineering Library SGT Engineering Library Reference Book 12/01/2016 GIFTED 325.00 SGTU   005.133 RAJ FE6496 12/01/2016 12/01/2016 Books